000 00495nam a2200193Ia 4500
003 GCL
008 140319s9999 xx 000 0 eng d
040 _aGCL /
_cGCL
082 0 4 _a180
_bS M
100 1 _aSKINNER, QUENTIN
245 1 0 _aMACHIAVELLI /
_cSKINNER, QUENTIN
260 _a[S.N] :
_bOXFORD UNIVERSITY PRESS ،
_c1981
300 _a102 P
650 0 4 _aMACHIAVELLIAN POLICY
650 0 4 _aPOLITICAL THEORY
650 0 4 _aMACHIAVELLI
650 0 4 _aITALY - HISTORY
942 _2ddc
_cBK
999 _c11748
_d11748